00221nam a2200097Ia 4500008004100000100001400041245002100055260002700076300000800103650001200111191201s2019 xx 000 0 und d aARORA, PN 0aTopic in Algebra aN. DelhibSultan Chand a567 aApplied